| 000 | 00646nam a2200205 a 4500 | ||
|---|---|---|---|
| 999 |
_c4011 _d4011 |
||
| 001 | 4011 | ||
| 003 | BD-JhCC | ||
| 005 | 20180305121644.0 | ||
| 008 | 171120s1992 bg |||| |||| 000 0 ben d | ||
| 035 | _a(BD-JhCC) | ||
| 040 |
_aBD-JhCC _dBD-JhCC |
||
| 041 | _aben | ||
| 082 |
_a361.03 _bRAH 1992 |
||
| 100 | _aরহমান, মোঃ হাবিবুর | ||
| 245 |
_aসমাজকর্ম পরিভাষা / _cমোঃ হাবিবুর রহমান |
||
| 260 |
_aঢাকা: _bবাংলা একাডেমী, _c১৯৭২ |
||
| 300 |
_a58 p.; _c20 cm |
||
| 650 | _aTerminology of Social work | ||
| 942 |
_2ddc _cREF |
||